| 000 | 00522nam a2200181 i 4500 | ||
|---|---|---|---|
| 001 | 104181 | ||
| 003 | ES-MaACL | ||
| 005 | 20230906183532.0 | ||
| 007 | t| | ||
| 008 | 051124s1978 sp ||||1| spa d | ||
| 100 | 1 |
_aMichelini, Zelmar. _980927 |
|
| 245 | 1 | 0 |
_aUruguay vencerá / _cZelmar Michelini; selección y prólogo de Mario Jaunarena. |
| 250 | _a[1ª ed.]. | ||
| 260 |
_aBarcelona : _bLaia, _c1978. |
||
| 300 |
_a315 p. ; _c20 cm. |
||
| 700 | 1 |
_aJaunarena, Mario. _966181 |
|
| 852 |
_aES-MaACL _jA-9301 _bR.98186 |
||
| 999 |
_c104181 _d104181 |
||